000 00885nam a2200277Ia 4500
003 OSt
005 20220930072758.0
006 a|||||r|||| 00| 0
007 ta
008 220926b |||||||| |||| 00| 0 eng d
024 _a24931
037 _cTheses
040 _aCRL
_cCRL
_beng
041 _2eng
_aeng
100 _aDaljeet Singh
110 _aUniversity of Delhi. Faculty of Medical Sciences. Department of Orthopaedics
_9519703
245 0 _aPrimary hybrid total hip arthroplasty
_b A clinical and functional evaluation
260 _c1998
300 _a97p.
_ap.
_ccm.
650 _a MEDICINE
650 _aORTHOPEDICS
_9519704
700 _a Dr A K Singh Supervisor
_9530084
700 _aUniversity of Delhi. Faculty of Medical Sciences. Department of Orthopaedics
_9519706
942 _cDIS
_2CC
999 _c864304
_d864304